Catálogo público

Efecto letal de acetamiprid contra un vector de la enfermedad de chagas / (Record no. 220475)

MARC details
000 -CABECERA
campo de control de longitud fija 03516nam a2200337 a 4500
003 - IDENTIFICADOR DEL NÚMERO DE CONTROL
campo de control OSt
005 - FECHA Y HORA DE LA ÚLTIMA TRANSACCIÓN
campo de control 20250422120802.0
007 - CAMPO FIJO DE DESCRIPCIÓN FÍSICA--INFORMACIÓN GENERAL
campo de control de longitud fija cr ||||||a|c|a
008 - DATOS DE LONGITUD FIJA--INFORMACIÓN GENERAL
campo de control de longitud fija 250221u2024 mx a||afom||| 001 0 spa d
040 ## - FUENTE DE LA CATALOGACIÓN
Normas de descripción rda
100 1# - ENTRADA PRINCIPAL--NOMBRE DE PERSONA
Nombre de persona Díaz Pérez, Laura Guadalupe
9 (RLIN) 190144
245 1# - MENCIÓN DE TÍTULO
Título Efecto letal de acetamiprid contra un vector de la enfermedad de chagas /
Mención de responsabilidad, etc. por Laura Guadalupe Díaz Pérez; director de tesis Jaime Alfredo Urzúa Gutiérrez; secretario Reyna Vargas Abasolo; vocal Víctor Manuel Almaraz Valle; suplente Candelario Santillán Ortega; suplente Calixto Leopoldo Carrillo Fonseca.
264 #1 - PRODUCCIÓN, PUBLICACIÓN, DISTRIBUCIÓN, FABRICACIÓN Y COPYRIGHT
Producción, publicación, distribución, fabricación y copyright Chapingo, México :
Nombre del de productor, editor, distribuidor, fabricante El autor,
Fecha de producción, publicación, distribución, fabricación o copyright 2024.
300 ## - DESCRIPCIÓN FÍSICA
Extensión 1 recurso en línea (54 páginas).
336 ## - TIPO DE CONTENIDO
Fuente rdacontent
Término de tipo de contenido texto
Código de tipo de contenido txt
337 ## - TIPO DE MEDIO
Fuente rdamedia
Nombre/término del tipo de medio computadora
Código del tipo de medio c
338 ## - TIPO DE SOPORTE
Fuente rdacarrier
Nombre/término del tipo de soporte recurso en línea
Código del tipo de soporte cr
502 ## - NOTA DE TESIS
Tipo de título Ingeniero Agrónomo Especialista en Parasitología Agrícola
Nombre de la institución que otorga el título Departamento de Enseñanza, Investigación y Servicio en Parasitología Agrícola,
Año de obtención del título 2024.
Información miscelánea Licenciatura
504 ## - NOTA DE BIBLIOGRAFÍA, ETC.
Nota de bibliografía, etc. Incluye referencias bibliográficas: páginas 41-52.
520 ## - SUMARIO, ETC.
Sumario, etc. La enfermedad de Chagas es ocasionada por el parasito Trypanosoma cruzy y transmitida principalmente vía vectorial por chinches de la subfamilia Triatominae. Triatoma pallidipennis es uno de los principales vectores de la enfermedad de Chagas en México, siendo probablemente el vector con más del 70% de los casos. Los piretroides son los más usados en el control químico de vectores. Pese al éxito, se han reportado casos de resistencia lo que podría deberse al uso indiscriminado de los insecticidas y el deterioro de las campañas de control. El objetivo de este trabajo fue evaluar la toxicidad de acetamiprid contra ninfas de tercer estadio de una población suceptible de T. pallidipennis en condiciones de laboratorio; determinar la DL50 y la DL95, asimismo, determinar la mortalidad cuando son expuestas a superficies contaminadas con el insecticida. Se evaluaron seis concentraciones logarítmicamente espaciadas (1.0, 0.1, 0.01, 0.001, 0.0001, 0.00001%) mediante aplicación directa, pasadas 24 horas se contabilizó la mortalidad y se determinó la DL50 y la DL95. Después, se evaluaron tres concentraciones (2%, 1% y 0.5% L) aplicación directa, a las 24 horas se contabilizó la mortalidad para evaluar la efectividad biológica. Finalmente, la dosis 1% L fue rociada sobre madera y ladrillo, y se evaluó la mortalidad sobre las superficies tratadas a las 24, 48 y 72 horas de exposición. Los resultados muestran que la DL50 y DL95 de acetamiprid en aplicación directa a las chinches, fue de 0.145 ppm y 91700 ppm respectivamente. A una dosis de 1% de acetamiprid se detectó una mortalidad de 100 % después de 24 h. La mortalidad a las 72 horas de exposición en madera fue de 37.5% (±2.4), mientras que en ladrillo fue de 50% (±3.26). La mortalidad de las ninfas demuestra que acetamiprid puede ser una opción viable para ser usado en el control de triatominos domiciliados.
650 #4 - PUNTO DE ACCESO ADICIONAL DE MATERIA--TÉRMINO DE MATERIA
Término de materia o nombre geográfico como elemento de entrada Insecticidas Control de plagas
9 (RLIN) 164784
650 #4 - PUNTO DE ACCESO ADICIONAL DE MATERIA--TÉRMINO DE MATERIA
Término de materia o nombre geográfico como elemento de entrada Triatoma pallidepennis
Subdivisión general Control
9 (RLIN) 190145
650 #4 - PUNTO DE ACCESO ADICIONAL DE MATERIA--TÉRMINO DE MATERIA
Término de materia o nombre geográfico como elemento de entrada Insecticidas
Subdivisión general Toxicidad
9 (RLIN) 58882
700 1# - PUNTO DE ACCESO ADICIONAL--NOMBRE DE PERSONA
Nombre de persona Urzúa Gutiérrez, Jaime Alfredo
9 (RLIN) 117018
Término indicativo de función/relación Director de tesis.
700 1# - PUNTO DE ACCESO ADICIONAL--NOMBRE DE PERSONA
Nombre de persona Vargas Abasolo, Reyna
9 (RLIN) 126554
Término indicativo de función/relación Secretario.
700 1# - PUNTO DE ACCESO ADICIONAL--NOMBRE DE PERSONA
Nombre de persona Almaraz Valle, Víctor Manuel
9 (RLIN) 189371
Término indicativo de función/relación Vocal.
700 1# - PUNTO DE ACCESO ADICIONAL--NOMBRE DE PERSONA
Nombre de persona Santillán Ortega, Candelario
9 (RLIN) 102429
Término indicativo de función/relación Suplente.
700 1# - PUNTO DE ACCESO ADICIONAL--NOMBRE DE PERSONA
Nombre de persona Carrillo Fonseca, Calixto Leopoldo
9 (RLIN) 19482
Término indicativo de función/relación Suplente.
856 ## - LOCALIZACIÓN Y ACCESO ELECTRÓNICOS
Identificador Uniforme del Recurso http://10.13.5.2/tesis/tl/1610613-1_DIAZ_PEREZ_LAURAGUADALUPE.pdf
Nota pública DESCARGAR PDF
942 ## - ELEMENTOS DE PUNTO DE ACCESO ADICIONAL (KOHA)
Fuente del sistema de clasificación o colocación Clasificación Universidad Autónoma Chapingo
Tipo de ítem Koha Tesis digital
Holdings
Estado de retiro Estado de pérdida Fuente del sistema de clasificación o colocación Estado dañado Restricciones de uso No para préstamo Código de colección Localización permanente Ubicación/localización actual Ubicación en estantería Fecha de adquisición Total de préstamos Signatura topográfica completa Fecha visto por última vez Precio válido a partir de Tipo de ítem Koha
    Clasificación Universidad Autónoma de Chapingo   Préstamo interno   Tesis digitales de Licenciatura Biblioteca Digital Biblioteca Digital En línea 21/02/2025   Tesis digital 21/02/2025 21/02/2025 Tesis digital